[Event "Motor City Open"]
[Site "Detroit"]
[Date "1991.11.29"]
[Round "3"]
[White "Ryan, Bob"]
[Black "Koger, Melvin"]
[Result "0-1"]
[WhiteElo "1554"]
[BlackElo "1761"]
[PlyCount "48"]
[EventDate "1991.11.29"]

1. Nf3 Nf6 2. d3 d5 3. e4 dxe4 4. dxe4 Qxd1+ 5. Kxd1 Nxe4 6. Bd3 Nxf2+ 7. Ke2
Nxh1 8. Bf4 e6 9. Bxc7 Bc5 10. c3 a6 11. b4 Ba7 12. c4 Nf2 13. Nc3 Nxd3 14.
Kxd3 O-O 15. Rd1 Nc6 16. Ke2 Nxb4 17. Bd8 Nc6 18. Bh4 b6 19. a3 Bb7 20. Rd7 Na5
21. Be7 Bxf3+ 22. Kxf3 Rfe8 23. Ne4 Nxc4 24. Ke2 Ne5 0-1

[Event "Motor City Open"]
[Site "Detroit"]
[Date "1991.11.29"]
[Round "1"]
[White "Reeves, Andre"]
[Black "Lahr, Fred"]
[Result "0-1"]
[WhiteElo "1274"]
[BlackElo "1860"]
[PlyCount "36"]
[EventDate "1991.11.29"]

1. e4 e5 2. Nc3 Nc6 3. Bc4 Nf6 4. f4 Nxe4 5. Nxe4 d5 6. Bxd5 Qxd5 7. Qf3 Qe6 8.
c3 exf4 9. Ne2 Ne5 10. Qh5 Nd3+ 11. Kf1 Qxe4 12. Qf3 Qxf3+ 13. gxf3 Bh3+ 14.
Kg1 Bc5+ 15. Nd4 Bxd4+ 16. cxd4 O-O 17. b3 b5 18. Rb1 Rfe8 0-1

[Event "Motor City Open"]
[Site "Detroit"]
[Date "1991.11.29"]
[Round "3"]
[White "Reeves, Andre"]
[Black "Johnson, Henry"]
[Result "0-1"]
[WhiteElo "1274"]
[BlackElo "1804"]
[PlyCount "92"]
[EventDate "1991.11.29"]

1. e4 e5 2. Nc3 Nf6 3. f4 d5 4. fxe5 Nxe4 5. Nf3 Nxc3 6. bxc3 Be7 7. Be2 O-O 8.
d4 Bf5 9. O-O Be4 10. Bd3 c5 11. Ba3 Qa5 12. Bb2 Nc6 13. Bxe4 dxe4 14. Nd2 cxd4
15. cxd4 e3 16. Nb3 Qb4 17. c3 Qb5 18. Re1 Bg5 19. Bc1 Rad8 20. Bxe3 Bxe3+ 21.
Rxe3 Rfe8 22. Qh5 f6 23. Rh3 h6 24. exf6 Qxh5 25. Rxh5 Re2 26. Rf1 Rxa2 27. Nc5
Rf8 28. Nxb7 gxf6 29. Rxh6 Kg7 30. Rh3 Rb2 31. Nc5 Re8 32. Rd1 Ree2 33. Rg3+
Kf7 34. d5 Ne7 35. d6 Nf5 36. Rh3 Nxd6 37. Rh7+ Kg6 38. Rxa7 Rxg2+ 39. Kh1
Rxh2+ 40. Kg1 Nf5 41. Rd3 Rbg2+ 42. Kf1 Ng3+ 43. Rxg3+ Rxg3 44. Ra1 Rxc3 45.
Nd3 Rxd3 46. Ra8 Rh1+ 0-1

[Event "Motor City Open"]
[Site "Detroit"]
[Date "1991.11.29"]
[Round "3"]
[White "Puryear, Douglas"]
[Black "Solski, Jeff"]
[Result "1-0"]
[WhiteElo "1647"]
[BlackElo "1428"]
[PlyCount "73"]
[EventDate "1991.11.29"]

1. e4 d6 2. c4 Nf6 3. Nc3 c5 4. Nge2 g6 5. d4 cxd4 6. Nxd4 Bg7 7. Be2 O-O 8.
O-O Nbd7 9. f4 e5 10. Ndb5 a6 11. Nxd6 Qb6+ 12. Kh1 Rd8 13. Nxc8 Raxc8 14. Qc2
Nf8 15. fxe5 N6d7 16. Nd5 Qe6 17. Bg5 f6 18. exf6 Nxf6 19. Nxf6+ Bxf6 20. Bxf6
Rd6 21. h3 h5 22. Bc3 Nd7 23. Rad1 Ne5 24. Rxd6 Qxd6 25. Rd1 Qe6 26. Bxe5 Qxe5
27. Bf3 b5 28. b3 Rf8 29. c5 Qg3 30. c6 Rxf3 31. gxf3 Qxf3+ 32. Kg1 Qe3+ 33.
Qf2 Qg5+ 34. Kf1 Qe5 35. Rd8+ Kh7 36. Qf7+ Kh6 37. Qf8+ 1-0

[Event "Motor City Open"]
[Site "Detroit"]
[Date "1991.11.29"]
[Round "3"]
[White "Pettiford, Darnell"]
[Black "Johnston, Rowland"]
[Result "0-1"]
[WhiteElo "1245"]
[BlackElo "1781"]
[PlyCount "96"]
[EventDate "1991.11.29"]

1. d4 b5 2. e4 Bb7 3. Bd3 a6 4. Nf3 e6 5. Be3 Nf6 6. Nbd2 Ng4 7. Bf4 c5 8. O-O
c4 9. Be2 Nf6 10. e5 Nd5 11. Bg5 f6 12. exf6 gxf6 13. Bh4 Be7 14. Bg3 Nc6 15.
Ne1 Nxd4 16. Bh5+ Kf8 17. Qg4 Nf5 18. Nef3 Nxg3 19. fxg3 Rg8 20. Qh3 Ne3 21.
Rfc1 Qb6 22. Kh1 Qc5 23. Ne1 Qd5 24. Bf3 Qxd2 25. Bxb7 Ng4 26. Qh5 Rb8 27. Bf3
Nf2+ 28. Kg1 Qd4 29. Kf1 Bc5 30. c3 Qe3 31. Qh4 Ne4 32. Rc2 Ng5 33. Qh6+ Ke7
34. h4 Rg6 35. Qh5 Nxf3 36. Qxf3 Rxg3 37. Qxe3 Bxe3 38. Rd1 f5 39. Nf3 d6 40.
Re2 f4 41. Ng5 d5 42. Nxh7 Rh8 43. Ng5 Rxh4 44. Nh3 Rhxh3 45. Ree1 Rh1+ 46. Ke2
Rxg2+ 47. Kf3 Rhh2 48. Rf1 Rg3# 0-1

[Event "Motor City Open"]
[Site "Detroit"]
[Date "1991.11.29"]
[Round "2"]
[White "Parker, Bernard"]
[Black "Mohammed, Azziem"]
[Result "0-1"]
[WhiteElo "1490"]
[BlackElo "1761"]
[PlyCount "56"]
[EventDate "1991.11.29"]

1. e4 c5 2. Nf3 Nc6 3. d4 cxd4 4. Nxd4 Nf6 5. Nc3 d6 6. Be2 g6 7. O-O Bg7 8.
Be3 Bd7 9. f3 O-O 10. Bc4 Ne5 11. Bb3 a6 12. a4 Rc8 13. Qe2 h5 14. Kh1 Qa5 15.
f4 Bg4 16. Qf2 Nc4 17. Bxc4 Rxc4 18. f5 Rxc3 19. bxc3 Nxe4 20. Qf4 Nxc3 21. Bd2
Qc7 22. h3 Ne2 23. Nxe2 Bxe2 24. fxg6 fxg6 25. Qxf8+ Bxf8 26. Rxf8+ Kxf8 27.
Bh6+ Kf7 28. Re1 Qxc2 0-1

[Event "Motor City Open"]
[Site "Detroit"]
[Date "1991.11.29"]
[Round "2"]
[White "Moore, Deane"]
[Black "Triplett, Thomas"]
[Result "0-1"]
[WhiteElo "1394"]
[BlackElo "1939"]
[PlyCount "100"]
[EventDate "1991.11.29"]

1. e4 c5 2. Nc3 Nc6 3. Nf3 d6 4. h3 g6 5. d4 cxd4 6. Nxd4 Bg7 7. Nf3 Nf6 8. Bc4
O-O 9. a3 a6 10. O-O b5 11. Bd5 Bb7 12. Rb1 Qc7 13. Re1 Rac8 14. Bf4 Rfd8 15.
Re2 Na5 16. Rd2 Nc4 17. Bxc4 Qxc4 18. Rd4 Qc7 19. e5 Bxf3 20. Qxf3 dxe5 21.
Rxd8+ Rxd8 22. Bg5 h6 23. Bxf6 Bxf6 24. Qe2 Rd4 25. Ne4 Bg7 26. c3 Rd5 27. Qf3
Qd8 28. b3 f5 29. Ng3 e4 30. Qe3 Rd1+ 31. Rxd1 Qxd1+ 32. Nf1 Qxb3 33. c4 bxc4
34. Qxb3 cxb3 35. Nd2 b2 36. Kf1 Kf7 37. Ke2 Ke6 38. Kd1 Kd5 39. Kc2 Kc5 40.
Nb3+ Kb5 41. Nd2 a5 42. Nf1 Ka4 43. f3 exf3 44. gxf3 Kxa3 45. Kb1 Bc3 46. f4
Kb3 47. Ne3 a4 48. Nd1 a3 49. Nxc3 Kxc3 50. h4 Kd3 0-1

[Event "Motor City Open"]
[Site "Detroit"]
[Date "1991.11.29"]
[Round "1"]
[White "Moore, Deane"]
[Black "Levadi, David"]
[Result "0-1"]
[WhiteElo "1394"]
[BlackElo "1964"]
[PlyCount "90"]
[EventDate "1991.11.29"]

1. e4 Nc6 2. d4 e5 3. dxe5 Nxe5 4. Nf3 Bb4+ 5. Bd2 Qe7 6. Nc3 Nf6 7. Bd3 d6 8.
h3 O-O 9. O-O Bd7 10. Bg5 Bxc3 11. bxc3 h6 12. Bh4 Ng6 13. Bxf6 Qxf6 14. Qd2
Bxh3 15. gxh3 Qxf3 16. Be2 Qxh3 17. Qe3 Qxe3 18. fxe3 Ne5 19. c4 Rfe8 20. Bd3
Nd7 21. Kg2 Re5 22. Rab1 b6 23. Rf4 Rae8 24. Rbf1 f6 25. Rh1 Nc5 26. Kf3 Ne6
27. Rg4 Ng5+ 28. Ke2 Kf7 29. Rhh4 Ra5 30. c5 Rxc5 31. Rg1 Ree5 32. Rb1 Ke7 33.
a4 Nf7 34. Kf3 Rh5 35. Rg4 Ne5+ 36. Kf4 Nxg4 37. Kxg4 Rcg5+ 38. Kf4 Rh2 39. Rf1
Rgg2 40. Kf3 g5 41. Bb5 Ke6 42. e5 Kxe5 43. e4 g4+ 44. Ke3 Rg3+ 45. Rf3 Rxf3#
0-1

[Event "Motor City Open"]
[Site "Detroit"]
[Date "1991.11.29"]
[Round "3"]
[White "Montgomery, Marshall"]
[Black "Vaughn, Gerald"]
[Result "0-1"]
[WhiteElo "1140"]
[BlackElo "1400"]
[PlyCount "96"]
[EventDate "1991.11.29"]

1. e4 c5 2. Bc4 e6 3. Nf3 Nc6 4. c3 Qc7 5. d4 cxd4 6. cxd4 Bb4+ 7. Nc3 Nge7 8.
O-O Bxc3 9. bxc3 h6 10. Ba3 Na5 11. Be2 Qxc3 12. Rb1 Qxa3 13. Qc2 O-O 14. Rfd1
Ng6 15. Rd3 Qe7 16. Re3 Nf4 17. d5 e5 18. Qd2 b6 19. d6 Qe6 20. Nh4 Nxe2+ 21.
Rxe2 Nc4 22. Qd3 Nxd6 23. Nf5 Nxf5 24. exf5 Qf6 25. Rb5 Ba6 26. Rexe5 Bxb5 27.
Qxb5 d6 28. Rd5 Qa1+ 29. Qf1 Qxf1+ 30. Kxf1 Rfe8 31. g3 Rad8 32. Kg2 Re5 33.
Rd4 Rxf5 34. f3 d5 35. g4 Re5 36. Kg3 g5 37. f4 gxf4+ 38. Kxf4 Re4+ 39. Rxe4
dxe4 40. Kxe4 Rd2 41. a4 Rxh2 42. Kd5 Rh4 43. Kc6 Rxg4 44. Kb7 Rxa4 45. Kb8 h5
46. Kc7 h4 47. Kc6 h3 48. Kb5 Ra2 0-1

[Event "Motor City Open"]
[Site "Detroit"]
[Date "1991.11.29"]
[Round "1"]
[White "Montgomery, Marshall"]
[Black "Johnson, Henry"]
[Result "0-1"]
[WhiteElo "1140"]
[BlackElo "1804"]
[PlyCount "106"]
[EventDate "1991.11.29"]

1. e4 e5 2. Nf3 Nc6 3. Nc3 Nf6 4. d3 Bc5 5. Be3 Bxe3 6. fxe3 d6 7. d4 O-O 8.
Bd3 Bg4 9. O-O exd4 10. Nd5 Nxd5 11. exd5 Bxf3 12. Rxf3 Ne5 13. Rh3 Nxd3 14.
Qxd3 f5 15. Rf1 Qf6 16. Rhf3 g6 17. e4 fxe4 18. Rxf6 exd3 19. Rxf8+ Rxf8 20.
Rxf8+ Kxf8 21. cxd3 Ke7 22. Kf2 Kf6 23. Kf3 Ke5 24. Kg4 h6 25. h4 Kxd5 26. h5
Ke6 27. hxg6 Kf6 28. Kh5 Kg7 29. g4 b5 30. a3 c5 31. g5 hxg5 32. Kxg5 c4 33.
dxc4 bxc4 34. Kf4 c3 35. bxc3 dxc3 36. Ke3 d5 37. Kd3 d4 38. a4 Kxg6 39. a5 Kf5
40. a6 Ke5 41. Kc2 Kd5 42. Kd3 Kc5 43. Kc2 Kc4 44. Kc1 Kd3 45. Kb1 c2+ 46. Kb2
Kd2 47. Kb3 c1=Q 48. Kb4 Kd3 49. Kb5 Qc4+ 50. Ka5 Qc7+ 51. Kb5 Kc3 52. Ka4 Qb6
53. Ka3 Qa5# 0-1

[Event "Motor City Open"]
[Site "Detroit"]
[Date "1991.11.29"]
[Round "6"]
[White "Mohammed, Azziem"]
[Black "Wydryck, Robert"]
[Result "1/2-1/2"]
[WhiteElo "1761"]
[BlackElo "1968"]
[PlyCount "105"]
[EventDate "1991.11.29"]

1. d4 Nf6 2. Nf3 g6 3. Bg5 Bg7 4. Nbd2 d5 5. e3 O-O 6. Bd3 c5 7. c3 b6 8. O-O
Ba6 9. Bxa6 Nxa6 10. Bxf6 Bxf6 11. Ne5 Nc7 12. f4 Qd6 13. Qg4 Bg7 14. Rf3 cxd4
15. exd4 f6 16. Nd3 e5 17. fxe5 fxe5 18. dxe5 Bxe5 19. Rxf8+ Rxf8 20. Nf3 Bg7
21. Re1 b5 22. Qb4 Qxb4 23. Nxb4 a5 24. Nc6 b4 25. cxb4 axb4 26. Nxb4 Bxb2 27.
Re7 Ba3 28. Rxc7 Bxb4 29. Rd7 d4 30. Kf1 Bc3 31. Ke2 Re8+ 32. Kd1 Re3 33. Rd5
h6 34. Re5 Rxe5 35. Nxe5 g5 36. Kc2 Kg7 37. Nc6 Kf6 38. Kd3 Bb2 39. a4 Ke6 40.
Nxd4+ Kd5 41. Nf5 h5 42. h3 g4 43. hxg4 hxg4 44. Ne3+ Kc5 45. Nxg4 Kb4 46. Ke4
Kxa4 47. Ne5 Kb5 48. g4 Bc1 49. Nf7 Kc6 50. Kf5 Kd7 51. Ne5+ Ke7 52. Nd3 Be3
53. Nf4 1/2-1/2

[Event "Motor City Open"]
[Site "Detroit"]
[Date "1991.11.29"]
[Round "1"]
[White "Men, Boris"]
[Black "Jonik, Henry"]
[Result "1-0"]
[WhiteElo "2579"]
[BlackElo "1746"]
[PlyCount "52"]
[EventDate "1991.11.29"]

1. e4 e6 2. d4 h6 3. c4 d6 4. f4 Ne7 5. Nf3 g6 6. h4 Bg7 7. h5 O-O 8. Nc3 a6 9.
Be3 f5 10. e5 d5 11. cxd5 Nxd5 12. Nxd5 exd5 13. hxg6 Be6 14. Bd3 Qe8 15. Nh4
Nd7 16. Qh5 Rc8 17. Nxf5 Bxf5 18. Bxf5 Rxf5 19. Qxf5 Nf8 20. Qf7+ Qxf7 21.
gxf7+ Kxf7 22. f5 b6 23. Bxh6 Bxh6 24. Rxh6 Kg7 25. Rc6 Nh7 26. Rac1 Ng5 1-0

[Event "Motor City Open"]
[Site "Detroit"]
[Date "1991.11.29"]
[Round "3"]
[White "Men, Boris"]
[Black "Golonka, Stan"]
[Result "1-0"]
[WhiteElo "2579"]
[BlackElo "2059"]
[PlyCount "43"]
[EventDate "1991.11.29"]

1. e4 c5 2. c3 Nf6 3. e5 Nd5 4. g3 g6 5. Bg2 e6 6. Nf3 Bg7 7. O-O O-O 8. d4
cxd4 9. cxd4 d6 10. Nc3 Nxc3 11. bxc3 Qc7 12. Ba3 Rd8 13. Bxd6 Qxc3 14. Rc1 Qb2
15. Rc7 Na6 16. Rc2 Qb5 17. Qd2 Qd7 18. Ng5 h6 19. Ne4 Qe8 20. Qf4 Kh8 21. Nf6
Bxf6 22. Qxh6+ 1-0

[Event "Motor City Open"]
[Site "Detroit"]
[Date "1991.11.29"]
[Round "2"]
[White "Mellen, Steve"]
[Black "Sledge, Ernest"]
[Result "1-0"]
[WhiteElo "2003"]
[BlackElo "1691"]
[PlyCount "91"]
[EventDate "1991.11.29"]

1. Nf3 c5 2. g3 g6 3. Bg2 Bg7 4. O-O Nf6 5. d3 d5 6. c3 O-O 7. Bf4 Nc6 8. Qc1
Be6 9. Bh6 Qd7 10. Bxg7 Kxg7 11. Re1 h6 12. e4 dxe4 13. dxe4 Rad8 14. Na3 b6
15. Nh4 Ne5 16. Qc2 a6 17. f4 Nc4 18. Nxc4 Bxc4 19. Rad1 Bd3 20. Qc1 c4 21. e5
Nh7 22. Nf3 e6 23. Kh1 b5 24. Nd4 Qc7 25. Qe3 Qc8 26. Rd2 Kg8 27. Red1 Qc5 28.
Qe1 Qb6 29. g4 f5 30. gxf5 gxf5 31. Qg3+ Kh8 32. Qh4 Rg8 33. Qxh6 Rxd4 34. cxd4
Qxd4 35. h3 Qe3 36. Qh4 Qb6 37. Qf2 Qc7 38. Kh2 Nf8 39. Bf1 Ng6 40. Bxd3 cxd3
41. Rxd3 Qc4 42. Rd8 Qxa2 43. Rxg8+ Kxg8 44. Qg2 Kf7 45. Rg1 Nxf4 46. Qg8+ 1-0

[Event "Motor City Open"]
[Site "Detroit"]
[Date "1991.11.29"]
[Round "2"]
[White "McFolley, John"]
[Black "Collins, Charles"]
[Result "0-1"]
[WhiteElo "1271"]
[BlackElo "1729"]
[PlyCount "104"]
[EventDate "1991.11.29"]

1. e4 Nf6 2. e5 Nd5 3. c4 Nb6 4. a4 d6 5. Nf3 Nc6 6. a5 Nd7 7. exd6 cxd6 8. d4
e6 9. Qa4 Be7 10. b4 Bf6 11. Bb2 a6 12. Bd3 O-O 13. Ra2 Re8 14. O-O d5 15. c5
e5 16. Bf5 e4 17. Bxd7 Bxd7 18. Nfd2 Nxd4 19. Qa3 Nb5 20. Qb3 Bc6 21. Re1 Bxb2
22. Rxb2 Qg5 23. Nf1 Nd4 24. Qg3 Re5 25. Nbd2 Rae8 26. Nb3 Nxb3 27. Rxb3 Qh6
28. Rbe3 d4 29. R3e2 e3 30. fxe3 Rg5 31. exd4 Rd8 32. Qf3 f6 33. Qb3+ Bd5 34.
Qe3 Qg6 35. Ng3 h5 36. h4 Rxg3 37. Qd2 Bc6 38. Rc1 Rg4 39. Rce1 Rgxd4 40. Qe3
Rg4 41. Qe6+ Kh7 42. Qa2 Rxh4 43. Re7 Rg4 44. R7e2 h4 45. Rc1 h3 46. Qc2 Be4
47. Rxe4 Rxg2+ 48. Kf1 Rxc2 49. Rxc2 Qxe4 50. Rc1 Qg2+ 51. Ke1 Re8+ 52. Kd1
Qe2# 0-1

[Event "Motor City Open"]
[Site "Detroit"]
[Date "1991.11.29"]
[Round "2"]
[White "McCarter, Robert"]
[Black "Montgomery, Marshall"]
[Result "1-0"]
[WhiteElo "1755"]
[BlackElo "1140"]
[PlyCount "57"]
[EventDate "1991.11.29"]

1. d4 c6 2. c4 d5 3. cxd5 cxd5 4. Nc3 Nc6 5. Nf3 e6 6. e3 Nf6 7. Bb5 Bd7 8. O-O
Bd6 9. Bd2 a6 10. Bd3 O-O 11. Rc1 Ng4 12. h3 Nb4 13. Bxh7+ Kxh7 14. hxg4 Rh8
15. a3 Nd3 16. Qc2 Bb5 17. Nxb5 axb5 18. Qxd3+ Kg8 19. g5 g6 20. e4 dxe4 21.
Qxe4 Rb8 22. Bf4 Bxf4 23. Qxf4 Rh5 24. Rc5 Kg7 25. Rfc1 Qh8 26. Qf6+ Kg8 27.
Rc8+ Rxc8 28. Rxc8+ Kh7 29. Rxh8# 1-0

[Event "Motor City Open"]
[Site "Detroit"]
[Date "1991.11.29"]
[Round "1"]
[White "Mazuchowski, Tom"]
[Black "Jordan, Willie"]
[Result "1-0"]
[WhiteElo "2110"]
[BlackElo "1683"]
[PlyCount "51"]
[EventDate "1991.11.29"]

1. e4 c6 2. d4 d5 3. Nd2 Nd7 4. Ngf3 e6 5. Bd3 c5 6. exd5 exd5 7. O-O Ngf6 8.
Re1+ Be7 9. c3 c4 10. Bf1 O-O 11. b3 b5 12. a4 Ba6 13. axb5 Bxb5 14. bxc4 dxc4
15. Nxc4 a6 16. Ne3 Bxf1 17. Kxf1 Nb6 18. Nf5 Re8 19. Qb3 Bf8 20. Rxe8 Nxe8 21.
Ne5 Qc7 22. c4 Nd7 23. Nxf7 Kxf7 24. c5+ Kg6 25. Nh4+ Kf6 26. Qf3+ 1-0

[Event "Motor City Open"]
[Site "Detroit"]
[Date "1991.11.29"]
[Round "3"]
[White "Mazuchowski, Tom"]
[Black "Ball, Ed"]
[Result "1-0"]
[WhiteElo "2110"]
[BlackElo "1957"]
[PlyCount "73"]
[EventDate "1991.11.29"]

1. e4 f5 2. exf5 e5 3. fxe6 Nc6 4. exd7+ Bxd7 5. d4 Bd6 6. Be3 Nf6 7. Nf3 O-O
8. Bc4+ Kh8 9. h3 Qe7 10. Nc3 Rae8 11. Qd2 Bf5 12. O-O-O Ne4 13. Nxe4 Bxe4 14.
Bg5 Qxg5 15. Nxg5 Bf4 16. Qxf4 Rxf4 17. Nf7+ Rxf7 18. Bxf7 Rf8 19. f3 Bxf3 20.
gxf3 Rxf7 21. Rhe1 h6 22. Re3 Rf4 23. c3 Kh7 24. Rg1 Nd8 25. Rg4 Rf6 26. Rge4
Nf7 27. Re7 Ng5 28. Rxc7 Rxf3 29. Rxf3 Nxf3 30. d5 Kg6 31. Rxb7 h5 32. Rxa7 Ng5
33. h4 Nf3 34. Ra4 Kf5 35. Kd1 g5 36. hxg5 Kxg5 37. d6 1-0

[Event "Motor City Open"]
[Site "Detroit"]
[Date "1991.11.29"]
[Round "1"]
[White "Lubben, Don"]
[Black "Pettiford, Darnell"]
[Result "1-0"]
[WhiteElo "1882"]
[BlackElo "1245"]
[PlyCount "79"]
[EventDate "1991.11.29"]

1. e4 e6 2. d4 d5 3. Nc3 Bb4 4. Bd2 Ne7 5. a3 Bxc3 6. Bxc3 O-O 7. Bd3 Bd7 8.
Qh5 Ng6 9. e5 f5 10. Nh3 Be8 11. Ng5 h6 12. Nxe6 Nf4 13. Nxd8 Bxh5 14. Nxb7
Nxg2+ 15. Kd2 Nf4 16. Nc5 Nxd3 17. Kxd3 Bf3 18. Rhg1 Be4+ 19. Kd2 Rf7 20. Raf1
f4 21. Nxe4 dxe4 22. Re1 e3+ 23. fxe3 f3 24. Ref1 Nc6 25. Rg3 Raf8 26. e4 g5
27. Ke3 f2 28. h4 g4 29. Rxg4+ Kh7 30. d5 Rf3+ 31. Ke2 Nd8 32. Bd4 h5 33. Rg2
R3f4 34. Rgxf2 Rxe4+ 35. Kd3 Rxf2 36. Rxf2 Rxh4 37. e6 Nxe6 38. dxe6 Rg4 39. e7
Rg8 40. Rf8 1-0

[Event "Motor City Open"]
[Site "Detroit"]
[Date "1991.11.29"]
[Round "3"]
[White "Lubben, Don"]
[Black "DeJongh, John"]
[Result "1/2-1/2"]
[WhiteElo "1882"]
[BlackElo "1647"]
[PlyCount "96"]
[EventDate "1991.11.29"]

1. e4 e5 2. Nf3 Nc6 3. Bb5 a6 4. Bxc6 dxc6 5. d4 Bg4 6. dxe5 Qxd1+ 7. Kxd1
O-O-O+ 8. Ke2 Bc5 9. h3 Bxf3+ 10. gxf3 h6 11. Nc3 Ne7 12. Be3 Bxe3 13. Kxe3
Rhe8 14. Rad1 g5 15. Rxd8+ Rxd8 16. h4 Ng6 17. hxg5 hxg5 18. b3 Nxe5 19. Rh5 f6
20. Ne2 c5 21. Nc3 c6 22. Na4 Nd7 23. f4 b5 24. Nb2 gxf4+ 25. Kxf4 Re8 26. Nd3
c4 27. bxc4 bxc4 28. Nc5 Re5 29. Rh8+ Kc7 30. Nxa6+ Kb7 31. Nb4 Nc5 32. f3 Ne6+
33. Ke3 Ra5 34. Rh6 Ra3+ 35. Kf2 Nd4 36. Rxf6 c5 37. Rf7+ Kb8 38. Nd5 Rxa2 39.
Kg3 Nxc2 40. e5 Nd4 41. f4 Ra3+ 42. Kg4 c3 43. Nxc3 Rxc3 44. f5 Rc4 45. Kg5 Rb4
46. e6 Nxe6+ 47. fxe6 Re4 48. e7 Kc8 1/2-1/2

[Event "Motor City Open"]
[Site "Detroit"]
[Date "1991.11.29"]
[Round "2"]
[White "Levadi, David"]
[Black "Walker, LeRoy"]
[Result "1-0"]
[WhiteElo "1964"]
[BlackElo "1569"]
[PlyCount "115"]
[EventDate "1991.11.29"]

1. c4 c6 2. Nf3 Nf6 3. Nc3 e6 4. d4 d5 5. cxd5 exd5 6. Qc2 Be7 7. Bf4 Be6 8. h3
Nbd7 9. e3 h6 10. Be2 Nb6 11. Ne5 Nfd7 12. O-O Nxe5 13. Bxe5 O-O 14. a3 Qd7 15.
Bd3 Bd6 16. Bxd6 Qxd6 17. Qe2 f5 18. f4 Nd7 19. Nb1 Rae8 20. Nd2 Nf6 21. Nf3
Nh5 22. Qf2 Nf6 23. Ne5 Ne4 24. Bxe4 dxe4 25. Rfc1 Bd5 26. Qc2 Kh7 27. Qc5 Qxc5
28. Rxc5 Re7 29. b4 a6 30. a4 Ra8 31. Rc3 g6 32. Kf2 Kg7 33. Nc4 Bxc4 34. Rxc4
Rd7 35. Rc5 Rd5 36. Rxd5 cxd5 37. Rc1 Rf8 38. Rc5 Rf7 39. Rxd5 Kf6 40. Ke2 Ke6
41. Rc5 Kd6 42. Kd2 Rc7 43. Rxc7 Kxc7 44. a5 Kc6 45. Kc3 Kd5 46. h4 h5 47. Kb3
Kd6 48. Kc4 Kc6 49. d5+ Kd6 50. Kd4 Kd7 51. Kc5 Kc7 52. d6+ Kb8 53. Kb6 Kc8 54.
d7+ Kxd7 55. Kxb7 Kd6 56. Kxa6 Kc6 57. b5+ Kc7 58. Ka7 1-0

[Event "Motor City Open"]
[Site "Detroit"]
[Date "1991.11.29"]
[Round "2"]
[White "Lahr, Fred"]
[Black "Men, Boris"]
[Result "0-1"]
[WhiteElo "1860"]
[BlackElo "2579"]
[PlyCount "54"]
[EventDate "1991.11.29"]

1. e4 Nf6 2. e5 Nd5 3. c4 Nb6 4. d4 d6 5. f4 dxe5 6. fxe5 e6 7. Be3 c5 8. Nc3
cxd4 9. Qxd4 Qxd4 10. Bxd4 Nc6 11. Bxb6 axb6 12. Nb5 Bb4+ 13. Kf2 Bc5+ 14. Kg3
O-O 15. Nf3 f6 16. a3 Nxe5 17. Nxe5 fxe5 18. b4 Bxb4 19. Bd3 Bd2 20. Rad1 Be3
21. Be4 Bf2+ 22. Kh3 Ra4 23. g3 Rxc4 24. Nd6 Ra4 25. Rhf1 Bc5 26. Nxb7 Rxf1 27.
Rxf1 Rxe4 0-1

[Event "Motor City Open"]
[Site "Detroit"]
[Date "1991.11.29"]
[Round "2"]
[White "Kruskie, Jerry"]
[Black "Steen, Harold"]
[Result "0-1"]
[WhiteElo "1810"]
[BlackElo "1750"]
[PlyCount "76"]
[EventDate "1991.11.29"]

1. e4 d6 2. d4 Nf6 3. Nc3 g6 4. f4 Bg7 5. Nf3 O-O 6. e5 dxe5 7. fxe5 Nd5 8. Bc4
Nxc3 9. bxc3 Bg4 10. O-O Nc6 11. Be3 Na5 12. Bb3 c6 13. Qd2 Qc7 14. Ng5 Nxb3
15. cxb3 h6 16. Ne4 Kh7 17. Qf2 Bf5 18. Qh4 Bxe4 19. Qxe4 Rad8 20. Rf3 e6 21.
Raf1 c5 22. Rh3 Rh8 23. Bg5 Rd7 24. Bf6 cxd4 25. cxd4 Qb6 26. Rd1 Bxf6 27. exf6
Rd5 28. Rdd3 Qd8 29. Qf4 Kg8 30. Rhf3 Rf5 31. Qd2 Qxf6 32. Rxf5 exf5 33. d5 Qd6
34. Qc3 Kh7 35. Qa5 Rc8 36. Qxa7 Rc1+ 37. Kf2 Qf4+ 38. Ke2 Qf1+ 0-1

[Event "Motor City Open"]
[Site "Detroit"]
[Date "1991.11.29"]
[Round "2"]
[White "Khraizat, Ali"]
[Black "Falkowski, Kenneth"]
[Result "0-1"]
[WhiteElo "1213"]
[BlackElo "1723"]
[PlyCount "64"]
[EventDate "1991.11.29"]

1. e4 e6 2. Nc3 d5 3. f3 c5 4. Nge2 d4 5. Na4 b5 6. Nac3 dxc3 7. bxc3 Bd6 8.
Bb2 Qc7 9. g3 h5 10. h4 Bxg3+ 11. Nxg3 Qxg3+ 12. Ke2 Nc6 13. Rh3 Qe5 14. d4
cxd4 15. cxd4 Qc7 16. d5 exd5 17. exd5 Qe7+ 18. Kf2 Qc5+ 19. Kg2 Bxh3+ 20. Kxh3
Nce7 21. Bd4 Qc8+ 22. Kh2 Qc7+ 23. Kh3 Qd7+ 24. Kg3 Rh6 25. Bxg7 Rg6+ 26. Kf2
Rxg7 27. d6 Rd8 28. Qd4 Rg6 29. Qe5 Rxd6 30. Qxh5 Rd2+ 31. Ke1 Qe6+ 32. Be2
Qxe2# 0-1

[Event "Motor City Open"]
[Site "Detroit"]
[Date "1991.11.29"]
[Round "2"]
[White "Jordan, Willie"]
[Black "Bailey, Jason"]
[Result "1-0"]
[WhiteElo "1683"]
[BlackElo "1374"]
[PlyCount "113"]
[EventDate "1991.11.29"]

1. d4 d5 2. Nf3 Nc6 3. Bf4 Bf5 4. Nc3 e6 5. e3 Nb4 6. Rc1 c5 7. a3 cxd4 8. Nxd4
Nc6 9. Nxf5 exf5 10. Nxd5 Rc8 11. Qf3 Nf6 12. Nxf6+ Qxf6 13. Bd3 Be7 14. O-O
O-O 15. Qh5 Qxb2 16. Qxf5 g6 17. Qg4 Ne5 18. Bxe5 Qxe5 19. a4 h5 20. Qd4 Qxd4
21. exd4 Ba3 22. Rb1 b6 23. Rfe1 Rfe8 24. Kf1 Rxe1+ 25. Rxe1 Bb4 26. Re4 Kf8
27. Ke2 Re8 28. Ke3 Rxe4+ 29. Kxe4 Ke7 30. Kd5 Kd7 31. Bb5+ Kc7 32. Be8 g5 33.
Bxf7 h4 34. g3 hxg3 35. hxg3 Be1 36. f4 g4 37. f5 Bxg3 38. Bh5 Bh4 39. Bxg4 Bf6
40. c4 a6 41. c5 b5 42. axb5 axb5 43. Be2 b4 44. Kc4 b3 45. Bd3 Kc6 46. d5+ Kc7
47. Kxb3 Kc8 48. Kc4 Kc7 49. d6+ Kd7 50. Kd5 Kc8 51. c6 Kd8 52. Ke6 Bh4 53. f6
Bxf6 54. Kxf6 Ke8 55. Bf5 Kd8 56. c7+ Ke8 57. c8=Q# 1-0

[Event "Motor City Open"]
[Site "Detroit"]
[Date "1991.11.29"]
[Round "3"]
[White "Jonik, Henry"]
[Black "Kruskie, Jerry"]
[Result "0-1"]
[WhiteElo "1746"]
[BlackElo "1810"]
[PlyCount "79"]
[EventDate "1991.11.29"]

1. e4 c5 2. c4 Nc6 3. Nc3 Nf6 4. Nge2 d6 5. h3 g6 6. Ng3 Bg7 7. Be2 O-O 8. O-O
Bd7 9. f4 a6 10. Bf3 Rb8 11. d3 b5 12. Rb1 e5 13. f5 Nd4 14. Bg5 Bc6 15. Nd5
Bxd5 16. exd5 h6 17. Bxf6 Bxf6 18. Be4 g5 19. Nh5 Qe7 20. Rf2 Rb7 21. Qg4 Kh8
22. Nxf6 Qxf6 23. Qh5 Rg8 24. g4 a5 25. Rg2 bxc4 26. dxc4 Rb4 27. b3 a4 28.
Rgb2 Rgb8 29. Kg2 axb3 30. a3 Rxc4 31. Bd3 Ra4 32. Kg3 c4 33. Be4 Rxa3 34. Rh1
Ra2 35. Rxa2 bxa2 36. h4 gxh4+ 37. Qxh4 Qxh4+ 38. Kxh4 f6 39. Kh5 Kg7 40. Kh4
0-1

[Event "Motor City Open"]
[Site "Detroit"]
[Date "1991.11.29"]
[Round "2"]
[White "Jointer, William"]
[Black "Pettiford, Darnell"]
[Result "0-1"]
[WhiteElo "1700"]
[BlackElo "1245"]
[PlyCount "120"]
[EventDate "1991.11.29"]

1. e4 e6 2. d4 d5 3. e5 c5 4. c3 Nc6 5. Nf3 Qb6 6. a3 Nge7 7. b4 c4 8. Be2 Ng6
9. O-O Be7 10. Bg5 a5 11. Qa4 Bd7 12. Qc2 axb4 13. cxb4 Bxb4 14. Nbd2 Be7 15.
Rfb1 Qc7 16. Bxe7 Ncxe7 17. Ra2 O-O 18. h4 Ba4 19. Qc1 Nf4 20. Bf1 Rfc8 21. Qb2
c3 22. Qxb7 Qxb7 23. Rxb7 cxd2 24. Rxd2 Nf5 25. g3 Ng6 26. h5 Nf8 27. Rdb2 h6
28. g4 Rc3 29. Kg2 Nxd4 30. Nxd4 Rxa3 31. Rc7 Be8 32. Rbb7 R3a4 33. Nb5 Rxg4+
34. Kh3 Rg5 35. Be2 Rxe5 36. Bf3 Rf5 37. Kg3 Bxb5 38. Rxb5 d4 39. Rb3 Rd8 40.
Rd3 Rg5+ 41. Kh2 f5 42. Bd1 e5 43. Rc4 Ne6 44. Ra4 e4 45. Rd2 f4 46. Bb3 Rxh5+
47. Kg1 Re5 48. Ra6 Kf7 49. Rc2 d3 50. Rcc6 d2 51. Rd6 Rxd6 52. Rxd6 e3 53.
fxe3 fxe3 54. Kg2 e2 55. Rxd2 e1=Q 56. Rf2+ Kg6 57. Bc2+ Kg5 58. Bd3 Nf4+ 59.
Kg3 Re3+ 60. Kh2 Rh3# 0-1